000 00562nam a22002057a 4500
003 DO-SdBNP
005 20180220134351.0
008 151022b 1993 spa||||| |||| 00| 0 spa d
020 _a8434834022
040 _aBPMSU
_bspa
_cBPMSU
100 _aArmegué i Herrero, Joan
245 _aEl agujero de las cosas perdidas
260 _aMadrid :
_bSM
300 _a106 p. :
_c20 cm
_gil
490 _aEl barco de vapor ; no. de serie 69
585 _aPremio El vaixell de vapor
942 _2ddc
_cBK
945 _aInventariado, 2018 / BT
956 _2daysi garcia
999 _c8427
_d8427